| 000 | 01935nam a2200217Ia 4500 | ||
|---|---|---|---|
| 003 | Ost | ||
| 005 | 20260507075053.0 | ||
| 008 | 260507s9999||||xx |||||||||||||| ||und|| | ||
| 040 | _cfsecg | ||
| 041 | _aara | ||
| 082 | _a350 | ||
| 100 |
_aأبو بكر، مصطفي محمود _eمؤلف |
||
| 245 | 0 |
_aالتنظيم الاداري في المنظمات المعاصرة مدخل تطبيقي لإعداد وتطوير التنظيم الإداري للمنشآت المتخصصة : _bشركات استثمار عقاري-مكاتب استشارية-فنادق-منشآت سياحية-مستشفيات / _c مصطفي محمود أبو بكر |
|
| 260 |
_aالاسكندرية: _bالدار الجامعية, _c2005 |
||
| 300 |
_a547 صفحة؛ _bإيضاحات ؛ _c24 سم |
||
| 504 | _aالمراجع ص.507 | ||
| 520 | _aأنواع وخصائص المنظمات وأسس تحديد التنظيم الاداري الملائم، بيئة المنظمة والتنظيم الاداري الملائم، التنظيم الاداري الفعال، الهيكل التنظيمي، الاختصاصات التنظيمية، الهيكل الوظيفي ونظام الصلاحيات، الرؤية الاستراتيجية لاعداد وتوير التنظيم الاداري، الاطار العام لتقديم خدمات اعداد وتطوير التنظيم الاداري، الاطار الاستراتيجي لعملية تطوير التنظيم الاداري، الثقافة التنظيمية وتأثيرها على فعالية التنظيم الاداري، الأبعاد الرئيسية للتنظيم الاداري في المنشآت العائلية، تقرير عن نتائج زيارة ميدانية لاحدى المشاريع الذي تنفذه احدى المنشآت التابعة لشركة أم | ||
| 653 | _aالادارة العامة | ||
| 653 | _aالشركات | ||
| 942 | _cكتاب | ||
| 999 |
_c42686 _d42686 |
||